The rani of Jhansi / (Record no. 47814)

MARC details
000 -LEADER
fixed length control field 00644nam a22001817a 4500
005 - DATE AND TIME OF LATEST TRANSACTION
control field 20100927123617.0
008 - FIXED-LENGTH DATA ELEMENTS--GENERAL INFORMATION
fixed length control field 100927t xxu||||| |||| 00| 0 eng d
020 ## - INTERNATIONAL STANDARD BOOK NUMBER
International Standard Book Number 81-7223-200-4
Terms of availability 40.00
035 ## - SYSTEM CONTROL NUMBER
System control number A-726756
082 ## - DEWEY DECIMAL CLASSIFICATION NUMBER
Classification number S-TAY
100 ## - MAIN ENTRY--PERSONAL NAME
Personal name Taylor, P. J. O.
9 (RLIN) 21955
245 ## - TITLE STATEMENT
Title The rani of Jhansi /
Statement of responsibility, etc by P. J. O. Taylor ; illustrated by Tapas Guha
260 ## - PUBLICATION, DISTRIBUTION, ETC. (IMPRINT)
Place of publication, distribution, etc New Delhi
Name of publisher, distributor, etc An Imprint of Harper Collins Publishers
Date of publication, distribution, etc 1995
300 ## - PHYSICAL DESCRIPTION
Extent 63p.
Other physical details 19cm (pbk)
Dimensions illu.
700 ## - ADDED ENTRY--PERSONAL NAME
Personal name Guha, Tapas
9 (RLIN) 21956
942 ## - ADDED ENTRY ELEMENTS (KOHA)
Source of classification or shelving scheme Dewey Decimal Classification
Item type Children Books
Classification part S-TAY
Holdings
Withdrawn status Lost status Source of classification or shelving scheme Damaged status Not for loan Collection code Home library Current library Date acquired Cost, normal purchase price Total Checkouts Full call number Barcode Date last seen Copy number Cost, replacement price Koha item type
    Dewey Decimal Classification   Not For Loan Fiction Patel Nagar Patel Nagar 27/09/2010 40.00   S-TAY A-726756 27/09/2010 1 40.00 Children Books

© Delhi Public Library
Hit Counter
free hit counter